00387 2200157 4500001002100000005001500021008004100036020002200077035001900099041000700118082000800125090001400133100001300147245003000160260003900190INLIS00000000002080120241224130917241224||||||||| | ||| |||| || |  a978-602-8714-22-8 0010-1224020801 aid0 a627 a627 ANA k0 aAnandita00aKincir Air & Kincir Angin aBandungbSarana Ilmu Pustakac2015